A handbook of statistical analyses using SAS / (Record no. 57780)

MARC details
000 -LEADER
fixed length control field 00912nam a22002657a 4500
001 - CONTROL NUMBER
control field 57780
005 - DATE AND TIME OF LATEST TRANSACTION
control field 20260421134430.0
008 - FIXED-LENGTH DATA ELEMENTS--GENERAL INFORMATION
fixed length control field 260420s2008 flua b 001 0 eng
020 ## - INTERNATIONAL STANDARD BOOK NUMBER
ISBN 9781584887843
Qualifying information hardback : alk. paper
040 ## - CATALOGING SOURCE
Original cataloging agency BD-DhIUB
Transcribing agency BD-DhIUB
Modifying agency BD-DhIUB
082 00 - DEWEY DECIMAL CLASSIFICATION NUMBER
Classification number 519.5
Edition number 22
Item number D427h
100 1# - MAIN ENTRY--PERSONAL NAME
Personal name Der, Geoff.
245 12 - TITLE STATEMENT
Title A handbook of statistical analyses using SAS /
Statement of responsibility, etc Geoff Der and Brian S. Everitt
250 ## - EDITION STATEMENT
Edition statement 3rd ed.
260 ## - PUBLICATION, DISTRIBUTION, ETC. (IMPRINT)
Place of publication, distribution, etc Boca Raton :
Name of publisher, distributor, etc CRC Press,
Date of publication, distribution, etc 2009
300 ## - PHYSICAL DESCRIPTION
Extent xv, 391 p. :
Other physical details ill. ;
Dimensions 24 cm.
500 ## - GENERAL NOTE
General note "A Chapman & Hall book."
504 ## - BIBLIOGRAPHY, ETC. NOTE
Bibliography, etc Includes bibliographical references (p. 377-381) and index.
526 ## - STUDY PROGRAM INFORMATION NOTE
School name Library
Shelving Location General Stacks
630 00 - SUBJECT ADDED ENTRY--UNIFORM TITLE
Uniform title SAS (Computer file)
650 #0 - SUBJECT ADDED ENTRY--TOPICAL TERM
Topical term or geographic name as entry element Mathematical statistics
General subdivision Data processing.
700 1# - ADDED ENTRY--PERSONAL NAME
Personal name Everitt, Brian.
856 41 - ELECTRONIC LOCATION AND ACCESS
Materials specified Table of contents only
Uniform Resource Identifier <a href="http://www.loc.gov/catdir/toc/ecip0818/2008021184.html">http://www.loc.gov/catdir/toc/ecip0818/2008021184.html</a>
942 ## - ADDED ENTRY ELEMENTS (KOHA)
Source of classification or shelving scheme Dewey Decimal Classification
Koha item type Books
Holdings
Withdrawn status Lost status Source of classification or shelving scheme Damaged status Not for loan Home library Current library Shelving location Date acquired Source of acquisition Serial Enumeration / chronology Total Checkouts Full call number Barcode Date last seen Copy number Price effective from Koha item type
    Dewey Decimal Classification     Library, Independent University, Bangladesh (IUB) Library, Independent University, Bangladesh (IUB) General Stacks 20/04/2026 Gift / Donation 2009   519.5 D427h G000713 21/04/2026 01 21/04/2026 Books